| 000 | 00627nam a22002177a 4500 | ||
|---|---|---|---|
| 003 | OSt | ||
| 005 | 20260422065051.0 | ||
| 008 | 260422b |||||||| |||| 00| 0 eng d | ||
| 020 | _a 0-07-037879-7 | ||
| 040 |
_aDWC-Admin lib _cOC |
||
| 082 | _aCirc. 301 C128s 1994 | ||
| 100 | _aCalhoun, Craig | ||
| 245 |
_aSociology / _cCraig Calhoun |
||
| 260 |
_aMcgraw-hill, inc. ; _cc. 1994. |
||
| 300 |
_a xxi, 651 p. _b ill. ; _c25 cm. |
||
| 504 | _ainclude index. | ||
| 504 | _ainclude glossary, references, index | ||
| 700 | _aLight, Donald | ||
| 700 | _aKeller, Suzanne | ||
| 942 |
_2ddc _cBK-CIRC _e6th edition _hCirc. _n0 |
||
| 999 |
_c9705 _d9705 |
||